Speaking Flute: (Record no. 188389)
[ view plain ]
| 000 -LEADER | |
|---|---|
| fixed length control field | 00526nam a22001817a 4500 |
| 005 - DATE AND TIME OF LATEST TRANSACTION | |
| control field | 20220520104241.0 |
| 010 ## - LCCN (DPL NO) | |
| LC control number | ENG-132738 |
| 020 ## - INTERNATIONAL STANDARD BOOK NUMBER | |
| International Standard Book Number | 9788178835792 |
| Terms of availability | 85.00 |
| 035 ## - SYSTEM CONTROL NUMBER | |
| System control number | EN-116270 |
| 037 ## - SOURCE OF ACQUISITION | |
| Source of stock number/acquisition | DBAD/PUB |
| 082 ## - DEWEY DECIMAL CLASSIFICATION NUMBER | |
| Classification number | S |
| 100 ## - MAIN ENTRY--PERSONAL NAME | |
| Personal name | Vimurtananda, Swami |
| 245 ## - TITLE STATEMENT | |
| Title | Speaking Flute: |
| Remainder of title | 25 Short Stories on Spiritual & Social Themes |
| Statement of responsibility, etc | Swami Vimurtananda |
| 260 ## - PUBLICATION, DISTRIBUTION, ETC. (IMPRINT) | |
| Place of publication, distribution, etc | Chennai |
| Name of publisher, distributor, etc | Adhyaksha |
| Date of publication, distribution, etc | 2014 |
| 270 ## - ADDRESS | |
| Address | Sri Ramakrishna Math Mylapore |
| City | Chennai |
| Postal code | 4 |
| 300 ## - PHYSICAL DESCRIPTION | |
| Extent | iii, 218p. |
| Dimensions | 21cm(pbk) |
| 942 ## - ADDED ENTRY ELEMENTS (KOHA) | |
| Source of classification or shelving scheme | Dewey Decimal Classification |
| Item type | English Books |
| Classification part | S |
| Call number suffix | VIM |
| Withdrawn status | Lost status | Not for loan | Collection code | Home library | Current library | Date acquired | Source of acquisition | Cost, normal purchase price | Full call number | Barcode | Copy number | Cost, replacement price | Koha item type |
|---|---|---|---|---|---|---|---|---|---|---|---|---|---|
| Not For Loan | Fiction | D.B.Act.Division | Mobile Library | 20/05/2022 | DBAD/PUB | 85.00 | S VIM | EN-116270 | 1 | 85.00 | English Books |
